000 00458nam a22001697a 4500
003 NUST - PNEC
005 20170116180845.0
008 150822b xxu||||| |||| 00| 0 eng d
020 _a8121917980
040 _cLIBRARY
082 _a530.1539 JAI
100 _95466
_aJain, Mahesh
245 _aPhysics for IIT-JEE and other engineering entrance examinations
_cMahesh Jain
260 _aNew Delhi:
_c2007
650 _95467
_aPhysics
_xME
942 _2ddc
_cBK
999 _c64460
_d64460